Zgadnij kraj po wskazówkach (1) (dla GeoMexa) - Statystyki

Ogólne statystyki
  • Ten quiz został rozwiązany 100 razy
  • Średni wynik to 9 z 15
Statystyki odpowiedzi
Podpowiedź/wskazówka Państwo % Poprawnych
Sąsiad Polski, Mur Berliński Niemcy
99%
Pierogi to popularne danie, Sport narodowy to piłka nożna Polska
99%
Graniczy z Katarem, "Araby" Arabia Saudyjska
88%
Należy do największych państw na świecie, Sowieci Rosja
87%
Ich województwa to Stany, Barack Obama Stany Zjednoczone
83%
Kreta, Południowa Europa Grecja
81%
Ludność 1.4mld, Tadż Mahal Indie
76%
Filip, palmy Filipiny
68%
"Zielona Japonia" (flaga), jedno z najbiedniejszych państw Azji Bangladesz
60%
Ma 2 stolicę, Ameryka Południowa Boliwia
56%
Powierzchnia to 27 750 km², Karaiby Haiti
43%
Stolica to "Mogadiszu", Na fladze są 2 kolory (w tym biały) Somalia
40%
Jest tam klub "Kampong", waluta to Euro Holandia
20%
Języki urzędowe to Francuski i Angielski, leży przy zatoce Gwinejskiej Kamerun
17%
Piłkarz Safawi Rasid, zwierzę narodowe to tygrys Malezja
11%
Nie znaleziono quizów pasujących do podanych kryteriów
Rozkład punktacji
Procent ludzi z każdym wynikiem
Percentyl według liczby udzielonych odpowiedzi
Twoja historia wyników
Nie rozwiązałeś tego quizu